Bee Keeping book (Record no. 3521)

MARC details
000 -LEADER
fixed length control field 00361cam a2200169ua 4500
001 - CONTROL NUMBER
control field 3695
005 - DATE AND TIME OF LATEST TRANSACTION
control field 20260515113721.0
008 - FIXED-LENGTH DATA ELEMENTS--GENERAL INFORMATION
fixed length control field 111128n ii |||gr||||Z||||||eng
040 ## - CATALOGING SOURCE
Transcribing agency MAIN
082 ## - DEWEY DECIMAL CLASSIFICATION NUMBER
Classification number 638.1
245 11 - TITLE STATEMENT
Title Bee Keeping book
Statement of responsibility, etc. by
250 ## - EDITION STATEMENT
Edition statement 1st.
260 ## - PUBLICATION, DISTRIBUTION, ETC.
Place of publication, distribution, etc. [s.l:
Name of publisher, distributor, etc. s.n.]
Date of publication, distribution, etc. 2007.
300 ## - PHYSICAL DESCRIPTION
Dimensions 23cm.
653 ## - INDEX TERM--UNCONTROLLED
Uncontrolled term Bee Keeping book
942 ## - ADDED ENTRY ELEMENTS (KOHA)
Koha item type Books
Holdings
Withdrawn status Lost status Damaged status Not for loan Home library Current library Shelving location Date acquired Total checkouts Full call number Barcode Date last seen Copy number Price effective from Koha item type
        Naharkatiya College Library Naharkatiya College Library General stacks 09/19/2020   638.1 19340 09/19/2020 1 09/19/2020 Books
        Naharkatiya College Library Naharkatiya College Library General stacks 09/19/2020   638.1 20011 09/19/2020 2 09/19/2020 Books